Prínosy vegetačných plochých striech v kontexte súčasnej stredoeurópskej klímy a nárokov na energetickú hospodárnosť budov

Gespeichert in:
Bibliographische Detailangaben
1. Verfasser: Juráš, Peter (Verfasst von)
Weitere Verfasser: (Betreuung Doktorarbeit)
Format: Manuskript Buch
Sprache:Slowakisch
Veröffentlicht: 2025
Schlagworte:
Online-Zugang:http://is.stuba.sk/zp/portal_zp.pl?podrobnosti_zp=103208
Tags: Tag hinzufügen
Keine Tags, Fügen Sie das erste Tag hinzu!

MARC

LEADER 00000ntm a22000003a 4500
001 stuzp103208
003 SK-STU
005 20250531210305.2
007 ta
008 150427s2015----xo-----f-mn---000-0-slo-d
040 |a STU  |b slo 
041 0 |a slo 
100 1 |a Juráš, Peter  |u 010180  |4 aut  |U SvF Stavebná fakulta  |T SvF Katedra konštrukcií pozemných stavieb  |X null  |U V180  |Y 18  |7 null 
242 0 1 |a Benefits of green roofs in the central European climate and energy performance demands  |y eng 
245 1 0 |a Prínosy vegetačných plochých striech v kontexte súčasnej stredoeurópskej klímy a nárokov na energetickú hospodárnosť budov 
260 |c 2025 
650 4 |a vegetačná strecha  |2 slo 
650 4 |a simulácia  |2 slo 
650 4 |a kvapková závlaha  |2 slo 
650 4 |a green roof  |2 eng 
650 4 |a drip irrigation  |2 eng 
650 4 |a simulation  |2 eng 
700 1 |a ,  |4 ths  |X null  |7 null 
856 4 |u http://is.stuba.sk/zp/portal_zp.pl?podrobnosti_zp=103208